000 01037nam a2200289 a 4500
001 000007137
003 DO-SdBNP
005 20240312134111.0
007 000007137
008 090717s2005 mx 001 0 spa d
020 _z9681676270
040 _aBPMSU
_bspa
_cBPMSU
082 4 _a809.915
_bF385l 2005
_222
100 1 _a Ferrer, Eulalio
_d
245 1 3 _aEl lenguaje de las trilogías /
_cEulalio Ferrer ; prólogo Octavio Paz
_b
260 _aMéxico :
_bFondo de Cultura Económica ;
_bInstituto Nacional de Antropología e Historia,
_c2005
300 _a(295 páginas sin numerar) ;
_c23 cm.
_b
500 _aIncluye datos biogràficos del autor en la contracubierta
500 _aIncluye referencias bibliográficas y notas al pie de las páginas
590 _aInventariado, 2024/VM
650 4 _aSimbolismo en la literatura.
650 4 _aTriadas (Filosofía)
700 1 _aPaz, Octavio
_epról.
710 2 _aFondo de Cultura Económica (México)
910 _aVMateo V. Control de calidad BPMSU
942 _2ddc
_cBK
999 _c14586
_d14586